Music Quiz

Random Music or Missing Word Quiz

Song Titles Missing 2-Letter Words Quiz Stats

 Plays Quiz Updated Jul 30, 2015

Challenge
Share
Tweet
Embed
Score 0/50 Timer 05:00
0 Plays Today
% Correct
FU
92.3%
ON
91.6%
US
91.5%
ME
91.5%
BY
91.3%
VU
89.6%
LA
89.2%
AS
89.2%
TO
89.2%
HE
89%
IN
88.2%
DA
87.2%
WE
87.1%
AN
86.4%
II
86.1%
IT
85.9%
P.I.
85.5%
OF
85.5%
PM
85.2%
IS
85%
EL
83.1%
I'M
83.1%
ST
82.9%
I'D
82.3%
IF
82%
% Correct
OR
81.7%
AM
80.7%
GO
79.7%
YA
76.9%
FR
76.3%
MY
76%
HA
75.5%
UP
72.8%
MR.
71.3%
DR.
71.1%
MO
70.8%
MI
70.5%
HO
69.7%
AL
69.1%
MS.
68.9%
SO
68.5%
OB
68.4%
NO
66.8%
GA
65.7%
LE
65%
DJ
62.8%
UR
62.3%
VA
61.3%
BE
58.4%
NA
55.8%

You're not logged in!

Compare scores with friends on all Sporcle quizzes.
Join for Free
OR
Log In

You Might Also Like...

Show Comments

Extras

Top Quizzes Today


Score Distribution

Your Account Isn't Verified!

In order to create a playlist on Sporcle, you need to verify the email address you used during registration. Go to your Sporcle Settings to finish the process.

Report this User

Report this user for behavior that violates our Community Guidelines.

Details: